Goigs de Sant Jordi de la capella de la Diputació de Barcelona
Descripción Física:
[1] f. plegat : il. col. ; 34 cm
Materias:
Jordi, -- sant -- Goigs
MARC
| LEADER | 00000nam a2200000Ia 4500 | ||
|---|---|---|---|
| 001 | 19150 | ||
| 008 | 160829s1976 xx 000 0 cat d | ||
| 080 | |a FU-48-3 | ||
| 245 | |a Goigs de Sant Jordi de la capella de la Diputació de Barcelona | ||
| 260 | |a Barcelona : |b Industrias Gráficas Oliva, |c 1976 | ||
| 300 | |a [1] f. plegat : |b il. col. ; |c 34 cm | ||
| 590 | |a Litografia núm. 00366, en paper de fil Ingres de Guarro. | ||
| 590 | |a Prové de S-320 | ||
| 600 | 0 | 0 | |a Jordi, |c sant |v Goigs |9 56265 |
| 901 | |a Arxiu | ||
| 942 | |n 1 | ||
| 952 | |0 0 |1 0 |4 0 |6 FU483 |7 1 |9 54076 |a Arxiu |b Arxiu |d 2016-12-01 |l 0 |o FU-48-3 |p 19150 |r 2016-12-01 00:00:00 |w 2016-12-01 |y ARXIU | ||
| 999 | |c 57944 |d 57944 | ||